Voličské preferencie svedčia o hlbokom rozkole v spoločnosti

Bibliographic Details
Main Author: Duleba, Alexander, 1966- (Author)
Format: Article
Language:Slovak
Subjects:

MARC

LEADER 00000nab a2200000 a 4500
001 vtls000583852
003 SK-MaSNL
005 20260304050218.0
008 160203c1996 xo 0 slo
015 |a SNBRB19rr/mm-uuuuu 
035 |a CL0583991 
040 |a SNKBUCL  |b slo  |c SNKBUCL  |e AACR2 
041 0 |a slo 
044 |a xo  |c SK 
080 |a 323(470)  |2 1981 
080 |a 327(437.6:470)  |2 1981 
100 1 |a Duleba, Alexander,  |d 1966-  |4 aut  |9 109162 
245 1 0 |a Voličské preferencie svedčia o hlbokom rozkole v spoločnosti  |c Alexander Duleba 
650 0 7 |a vnútorná politika  |2 snkbucl  |9 970 
650 0 7 |a Slovenská spoločnosť pre zahraničnú politiku  |2 snkbucl  |9 980358 
651 7 |a Rusko  |2 snkbucl  |9 17250 
655 7 |a články z novín a časopisov  |2 snkbucl  |9 267496 
773 0 |t Národná obroda  |g Roč. 7, č. 107 (9. 5. 1996), s. 9 
850 |a Slovenská národná knižnica v Martine  |a MTA001 
852 |a SNK  |b KIS3GCP 
958 |a RK 
958 |a SK 
992 |a RBX 
999 |c 2697021  |d 2698951